| 000 | 00595nam a22001815i 4500 | ||
|---|---|---|---|
| 001 | 48776 | ||
| 003 | ES-MaACL | ||
| 005 | 20230906161822.0 | ||
| 007 | t| | ||
| 008 | 940202s1869 sp ||||1| spa d | ||
| 040 |
_aAR _bspa |
||
| 100 | 1 |
_aDieste y Jiménez, Manuel. _944616 |
|
| 245 | 1 | 0 |
_aDiccionario del derecho civil aragonés _b: (precedido de una introduccion histórica) / _cpor D. Manuel Dieste y Jimenez. |
| 260 |
_aMadrid : _b[s.n.], _c1869 ( _fImp. de Manuel Minuesa) |
||
| 300 |
_aCVI, 679 p. ; _c28 cm. |
||
| 650 | 4 |
_aDerecho civil- _zAragón. _9147647 |
|
| 852 |
_aES-MaACL _jC-2096 |
||
| 999 |
_c48776 _d48776 |
||